000 00562cam a22002291 4500
001 sa 63002324
003 DLC
005 20260227111933.0
008 890720s1962 ii 000 0 hino
010 _asa 63002324
035 _a(OCoLC)20045388
040 _aDLC
_cWaU
_dDLC
042 _apremarc
043 _aa-ii---
050 0 0 _aDS423
_b.B45
100 1 _aBhāradvāja, Dineśacandra.
245 1 0 _aBhāratīya saṃskr̥ti kā itihāsa.
260 _c[1962]
300 _a520 p.
_c23 cm.
500 _aIn Hindi.
651 0 _aIndia
_xCivilization.
999 _c54409
_d54409